00601nam a2200193Ia 4500008004100000020001800041082001500059100002000074245002500094250000700119260004100126300002400167500001900191600001500210650001500225942000700240952014300247999001700390240925s9999 xx 000 0 und d a9780470607268 a657.43 WAS aWasson, Dick D. 0aFinancial Accounting aNA aNew York:bJohn Wiley & Sonsc,2011. a2012p.b0fOriginal aIncludes Index aManagement aAccounting cBK 001040708SSaUITUbUITUd2018-11-22eShahid Book Centerg625.00l1o657.43 WASpQ11972r2025-10-29 11:45:51s2024-10-02w2024-09-25yBK c14471d14471